Library of the University of Algiers 3
Ibrahim Sultan Cheibout
شعار جامعة الجزائر 3
مكتبة جامعة الجزائر 3
إبراهيم سلطان شيبوط

المحاسبة الوطنية : (رقم التسجيلة. 46288)

تفاصيل مارك
000 -LEADER
fixed length control field 01233nam a2200253Ia 4500
003 - CONTROL NUMBER IDENTIFIER
control field Ost
005 - DATE AND TIME OF LATEST TRANSACTION
control field 20260507075802.0
008 - FIXED-LENGTH DATA ELEMENTS--GENERAL INFORMATION
fixed length control field 260507s9999||||xx |||||||||||||| ||und||
020 ## - INTERNATIONAL STANDARD BOOK NUMBER
International Standard Book Number 9789931084792
040 ## - CATALOGING SOURCE
Transcribing agency fsecg
041 ## - LANGUAGE CODE
Language code of text/sound track or separate title ara
082 ## - DEWEY DECIMAL CLASSIFICATION NUMBER
Classification number 657.835
100 ## - MAIN ENTRY--PERSONAL NAME
Personal name علام، عثمان
Relator term مؤلف
245 #0 - TITLE STATEMENT
Title المحاسبة الوطنية :
Remainder of title نظام الحسابات الاقتصادية الجزائرية(SCEA) /
Statement of responsibility, etc. عثمان علام
260 ## - PUBLICATION, DISTRIBUTION, ETC.
Place of publication, distribution, etc. الجزائر :
Name of publisher, distributor, etc. ألفا للوثائق للنشر والتوزيع ,
Date of publication, distribution, etc. 2023
300 ## - PHYSICAL DESCRIPTION
Extent 218 صفحة؛
Other physical details إيضاحات ؛
Dimensions 24 سم
504 ## - BIBLIOGRAPHY, ETC. NOTE
Bibliography, etc. note بيبليوغرافيا: ص ص213-217
520 ## - SUMMARY, ETC.
Summary, etc. يضم السياق التاريخي لتطور المحاسبة الوطنية، الاطار النظري لنظام المحاسبة الوطنية، نظام الحسابات الاقتصادية الجزائرية، القطاعات الاقتصادية والجداول المركزية، أمثلة وتطبيقات.
653 ## - INDEX TERM--UNCONTROLLED
Uncontrolled term المحاسبة الحكومية
653 ## - INDEX TERM--UNCONTROLLED
Uncontrolled term النظام المحاسبي الموحد
653 ## - INDEX TERM--UNCONTROLLED
Uncontrolled term مراجعة الحسابات
700 ## - ADDED ENTRY--PERSONAL NAME
Personal name عزوز، أحمد
Relator term مؤلف ثانوي
942 ## - ADDED ENTRY ELEMENTS (KOHA)
Koha item type كتب
المقتنيات
Withdrawn status Lost status Source of classification or shelving scheme Damaged status Not for loan Home library Current library Date acquired Serial enumeration / chronology Inventory number Total checkouts Full call number Barcode Date last seen Price effective from Koha item type
    Library of Congress Classification   NOT LOAN / إعارة داخلية مكتبة كلية العلوم الإقتصادية والعلوم التجارية وعلوم التسيير مكتبة كلية العلوم الإقتصادية والعلوم التجارية وعلوم التسيير 07/05/2026 الطابق الأرضي 025.21/543   491/025.21ن01 025.21/543 07/05/2026 07/05/2026 كتب
    Dewey Decimal Classification   Available مكتبة كلية العلوم الإقتصادية والعلوم التجارية وعلوم التسيير مكتبة كلية العلوم الإقتصادية والعلوم التجارية وعلوم التسيير 07/05/2026 الطابق الأرضي 025.21/544   491/025.21ن02 025.21/544 07/05/2026 07/05/2026 كتب

موارد الويب المفتوحة


© University of Algiers 3 All Rights Reserved
|
Implemented by LECHELAH Riad